Pokémon commençant par D - Statistiques

Statistiques générales
  • Ce quiz a été pris 4 193 fois
    2 037 depuis la dernière actualisation
  • Le résultat moyen est 24 sur 47
Statistiques - réponses
Réponse % Correct
015 Dardargnan
89%
148 Draco
87%
006 Dracaufeu
85%
149 Dracolosse
85%
373 Drattak
80%
371 Draby
77%
084 Doduo
75%
085 Dodrio
74%
372 Drackhaus
67%
555 Darumacho
64%
410 Dinoclier
63%
554 Darumarond
61%
483 Dialga
61%
461 Dimoret
59%
621 Drakkarmin
59%
229 Démolosse
54%
491 Darkrai
51%
232 Donphan
51%
546 Doudouvet
51%
309 Dynavolt
50%
645 Démétéros
49%
702 Dedenne
48%
226 Démanta
47%
634 Diamat
47%
842 Dratatin
47%
386 Deoxys
46%
780 Draïeul
45%
775 Dodoala
44%
719 Diancie
43%
884 Duralugon
43%
521 Déflaisan
40%
236 Debugant
39%
779 Denticrisse
39%
452 Drascore
39%
680 Dimoclès
38%
1003 Dinglu
36%
874 Dolman
36%
843 Dunaja
35%
709 Desséliande
34%
844 Dunaconda
34%
301 Delcatty
33%
886 Dispareptil
33%
699 Dragmara
33%
976 Délestin
25%
943 Dogrino
25%
963 Dofin
23%
982 Deusolourdo
20%
Aucun quiz correspondant
Distribution des résultats
% des personnes avec chaque résultat
Percentile par nombre de réponses
Votre historique - résultats
Vous n’avez pas pris ce quiz depuis la dernière actualisation